Eurovision 2026 - Indovina la Canzone - Statistics

Statistiche generali
  • Questo quiz è stato fatto 14 volte
  • Il punteggio medio è 18 su 35
Risposte nella Mappa
Le risposte nella mappa del quiz sottostante sono codificate secondo una scala di colori dal rosso al verde in base alla % di persone che hanno risposto correttamente.
 
Statistiche sulle risposte
Posizione Nazione Cantante Canzone Punti Gruppo % Corretto
5 Italia Sal Da Vinci Per sempre sì 281 Big 4
86%
1 Bulgaria Dara Bangaranga 516 Semifinale 2
71%
3 Romania Alexandra Căpitănescu Choke Me 296 Semifinale 2
71%
10 Grecia Akylas Ferto 220 Semifinale 1
71%
23 Germania Sarah Engels Fire 12 Big 4
71%
19 Cipro Antigoni Jalla 75 Semifinale 2
71%
2 Israele Noam Bettan Michelle 343 Semifinale 1
71%
NQ San Marino Senhit feat. Boy George Superstar 41 Semifinale 1
71%
8 Moldavia Satoshi Viva, Moldova! 226 Semifinale 1
71%
NQ Svizzera Veronica Fusaro Alice 108 Semifinale 2
57%
15 Croazia Lelek Andromeda 124 Semifinale 1
57%
19 Malta Aidan Bella 89 Semifinale 2
57%
21 Belgio Essyla Dancing on the Ice 36 Semifinale 1
57%
NQ Lussemburgo Eva Marija Mother Nature 60 Semifinale 2
57%
14 Polonia Alicja Pray 150 Semifinale 1
57%
11 Francia Monroe Regarde! 158 Big 4
57%
NQ Estonia Vanilla Ninja Too Epic to Be True 79 Semifinale 1
57%
16 Cechia Daniel Žižka Crossroads 113 Semifinale 2
43%
4 Australia Delta Goodrem Eclipse 287 Semifinale 2
43%
25 Regno Unito Look Mum No Computer Eins, zwei, drei 1 Big 4
43%
20 Svezia Felicia My System 51 Semifinale 1
43%
13 Albania Alis Nân 145 Semifinale 2
43%
NQ Montenegro Tamara Živković Nova zora 71 Semifinale 1
43%
NQ Georgia Bzikebi On Replay 5 Semifinale 1
43%
NQ Armenia Simón Paloma rumba 49 Semifinale 2
43%
NQ Portogallo Bandidos do Cante Rosa 74 Semifinale 1
43%
22 Lituania Lion Ceccah Sólo quiero más 22 Semifinale 1
43%
24 Austria Cosmó Tanzschein 6 Host
43%
14 Norvegia Jonas Lovv Ya Ya Ya 131 Semifinale 2
43%
NQ Lettonia Atvara Ēnā 49 Semifinale 2
29%
7 Danimarca Søren Torpegaard Lund Før vi går hjem 243 Semifinale 2
29%
NQ Azerbaigian Jiva Just Go 2 Semifinale 2
29%
17 Serbia Lavina Kraj mene 90 Semifinale 1
29%
6 Finlandia Linda Lampenius & Pete Parkkonen Liekinheitin 279 Semifinale 1
29%
9 Ucraina Leléka Ridnym 221 Semifinale 2
29%
Nessun quiz corrispondente trovato
Distribuzione punteggi
Percentuale di utenti per punteggio
Percentile per numero di risposta
I tuoi punteggi nel tempo
Non hai fatto questo quiz